00618nam a2200217Ia 450000500170000000800410001702000140005804000190007204100120009108200150010310000200011824500650013825000080020326000330021130000290024450400710027365000120034465100180035670000160037485000100039020220728153648.0131103s9999 xx 000 0 und d a861318072 aLoreto College aEnglish a551.4bWOO aWooldridge, S.W 3aAn outline of geomorphologycS.W. Wooldridge and R.S. Morgan a2nd aLondonbOrient Longmanc1959 axix,409 pb ill. figures aFirst published under the title of The Physical basis of geography aGeology aGeomorphology aMorgan, R.S aLCLIB